[Event "DM 2026 G5 1B"]
[Site "Svendborg"]
[Date "2026.04.01"]
[Round "5.14"]
[White "Larsen, Torben"]
[Black "Norddahl, Bjarni"]
[Result "1-0"]
[WhiteElo "1897"]
[BlackElo "1518"]
[WhiteFideId "1443445"]
[BlackFideId "338105438"]
[EventDate "2026.03.28"]
[EventType "swiss"]
[EventRounds "5"]
[EventCountry "DEN"]
[SourceTitle "Live v. Kasper Jerwiarz"]

1. c4 e5 2. Nc3 Bb4 3. a3 Bxc3 4. bxc3 Nf6 5. g3 O-O 6. Bg2 c6 7. d3 d5 8. cxd5 Nxd5 9. Qc2 Nf6 10. Nf3 Nbd7 11. O-O Re8 12. Rb1 e4 13. Nh4 exd3 14. exd3 Re6 15. Bh3 Re7 16. Nf5 Re5 17. d4 Rb5 18. Re1 h6 19. Rxb5 cxb5 20. Qb3 Qf8 21. Qxb5 Nb6 22. Ne7+ Kh8 23. Nxc8 Nxc8 24. Qxb7 Nd6 25. Qc6 Nde4 26. Rxe4 Nxe4 27. Qxe4 Re8 28. Qc2 Re1+ 29. Bf1 Qc8 30. Bd2 Re6 31. Bh3 Re1+ 32. Bxe1 Qxh3 1-0

[Event "DM 2026 G5 1B"]
[Site "Svendborg"]
[Date "2026.04.01"]
[Round "5.15"]
[White "Skarved, Mattias"]
[Black "Elcer, Spencer Skoubo"]
[Result "0-1"]
[WhiteElo "1671"]
[BlackElo "1619"]
[WhiteFideId "1461958"]
[BlackFideId "1480820"]
[EventDate "2026.03.28"]
[EventType "swiss"]
[EventRounds "5"]
[EventCountry "DEN"]
[SourceTitle "Live v. Kasper Jerwiarz"]

1. d4 d5 2. Bf4 c5 3. Nf3 Nc6 4. e3 Nf6 5. c3 Qb6 6. Qc2 Bf5 7. Qc1 c4 8. Nbd2 e6 9. h3 h6 10. Be2 Be7 11. Ne5 O-O 12. g4 Bh7 13. h4 Rad8 14. Bg3 Be4 15. f3 Nxe5 16. fxe4 Nd3+ 17. Bxd3 cxd3 18. g5 Nxe4 19. Nxe4 dxe4 20. gxh6 g6 21. Qd2 Kh7 22. Bf4 Rd5 23. O-O-O Rb5 24. b4 Bxb4 25. cxb4 Rc8+ 26. Kb1 Rxb4+ 27. Ka1 Rc2 28. Qe1 Rbb2 0-1

[Event "DM 2026 G5 1B"]
[Site "Svendborg"]
[Date "2026.04.01"]
[Round "5.16"]
[White "Hansen, Anders"]
[Black "Staugaard, Henning"]
[Result "1-0"]
[WhiteElo "1620"]
[BlackElo "1652"]
[WhiteFideId "1711237"]
[BlackFideId "1450476"]
[EventDate "2026.03.28"]
[EventType "swiss"]
[EventRounds "5"]
[EventCountry "DEN"]
[SourceTitle "Live v. Kasper Jerwiarz"]

1. b3 e5 2. Bb2 Nc6 3. e3 a6 4. d4 d6 5. Nd2 Bf5 6. e4 Bg6 7. Ngf3 Nf6 8. d5 Ne7 9. Bd3 Bh5 10. O-O Ng6 11. g3 Bg4 12. Re1 Qd7 13. Bf1 h5 14. Qe2 Bh3 15. Ng5 Bxf1 16. Qxf1 h4 17. Ndf3 hxg3 18. fxg3 Ng4 19. h3 f6 20. hxg4 fxg5 21. Nxg5 O-O-O 22. Qf5 Rh6 23. Nf7 Be7 24. Nxh6 gxh6 25. Qxg6 Kb8 26. Rf1 Bg5 27. Qf5 Qg7 28. Rf3 Be7 29. Kg2 Rf8 30. Qe6 Bf6 31. Raf1 Be7 32. Rxf8+ Bxf8 33. Qf5 Be7 34. Bc1 Ka7 35. Rh1 Bg5 36. Bxg5 hxg5 37. Rh7 Qg8 38. Qd7 Qb8 39. Qxc7 Qxc7 40. Rxc7 Kb6 41. Rg7 Kc5 42. Rxb7 Kd4 43. Kf3 1-0